Statistics for US States With Amusement Parks With More Than Five Coasters

Click here to take the quiz!

General Stats

  • This quiz has been taken 31 times
  • The average score is 25 of 27

Answer Stats

ParksAnswer% Correct
Six Flags Magic Mountain (20)
Six Flags Discovery Kingdom (10)
Knott's Berry Farm (10)
California's Great America (9)
Sea World San Diego (6)
California
100%
Busch Gardens Tampa (10)
Sea World Orlando (7)
Islands of Adventure (5)
Magic Kingdom (5)
Florida
100%
Carowinds (14)North Carolina
100%
Six Flags Over Texas (14)
Six Flags Fiesta Texas (12)
Sea World San Antonio (6)
COTAland (5)
Wonderland (5)
Texas
100%
Elitch Gardens (6)
Lakeside Amusement Park (5)
Colorado
96%
Six Flags Over Georgia (11)
Wild Adventures (6)
Georgia
96%
Six Flags America (9)Maryland
96%
Michigan's Adventure (7)Michigan
96%
Six Flags Darien Lake (8)
Luna Park (8)
Six Flags Great Escape (6)
Playland Park (5)
New York
96%
Cedar Point (17)
Kings Island (14)
Ohio
96%
Hersheypark (14)
Kennywood (8)
Dorney Park (7)
Knoebels Amusement Resort (6)
Waldameer (5)
Pennsylvania
96%
Kings Dominion (13)
Busch Gardens Williamsburg (10)
Virginia
96%
Six Flags Great America (15)Illinois
92%
Six Flags New England (11)Massachusetts
92%
Dollywood (10)Tennessee
92%
Lake Compounce (5)Connecticut
88%
Silverwood Theme Park (7)Idaho
88%
Indiana Beach (7)
Holiday World (5)
Indiana
88%
Valleyfair (8)
Nickelodeon Universe (5)
Minnesota
88%
Six Flags St. Louis (9)
Worlds of Fun (8)
Silver Dollar City (7)
MIssouri
88%
Six Flags Great Adventure (14)
Morey's Piers (7)
Nickelodeon Universe Theme Park (5)
New Jersey
88%
Frontier City (5)Oklahoma
88%
Lagoon (11)Utah
88%
Mt. Olympus Water & Theme Park (5)Wisconsin
88%
Magic Springs Theme and Water Park (5)Arkansas
85%
Adventureland (7)Iowa
85%
Kentucky Kingdom (6)Kentucky
85%

Score Distribution

Percentile by Number Answered

Percent of People with Each Score

Your Score History

You have not taken this quiz